<?xml version="1.0" encoding="UTF-8"?><?xml-stylesheet type="text/xsl" href="static/style.xsl"?><OAI-PMH xmlns="http://www.openarchives.org/OAI/2.0/" xmlns:xsi="http://www.w3.org/2001/XMLSchema-instance" xsi:schemaLocation="http://www.openarchives.org/OAI/2.0/ http://www.openarchives.org/OAI/2.0/OAI-PMH.xsd"><responseDate>2026-04-28T19:32:53Z</responseDate><request verb="GetRecord" identifier="oai:uvadoc.uva.es:10324/77313" metadataPrefix="marc">https://uvadoc.uva.es/oai/request</request><GetRecord><record><header><identifier>oai:uvadoc.uva.es:10324/77313</identifier><datestamp>2025-08-29T19:03:01Z</datestamp><setSpec>com_10324_38</setSpec><setSpec>col_10324_852</setSpec></header><metadata><record xmlns="http://www.loc.gov/MARC21/slim" xmlns:doc="http://www.lyncode.com/xoai" xmlns:xsi="http://www.w3.org/2001/XMLSchema-instance" xmlns:dcterms="http://purl.org/dc/terms/" xsi:schemaLocation="http://www.loc.gov/MARC21/slim http://www.loc.gov/standards/marcxml/schema/MARC21slim.xsd">
<leader>00925njm 22002777a 4500</leader>
<datafield tag="042" ind1=" " ind2=" ">
<subfield code="a">dc</subfield>
</datafield>
<datafield tag="720" ind1=" " ind2=" ">
<subfield code="a">Ferreira Gero, Mireia</subfield>
<subfield code="e">author</subfield>
</datafield>
<datafield tag="260" ind1=" " ind2=" ">
<subfield code="c">2025</subfield>
</datafield>
<datafield tag="520" ind1=" " ind2=" ">
<subfield code="a">Este Trabajo de Fin de Grado realiza un estudio de la evolución de la educación rural en &#xd;
base a las necesidades educativas especiales en Palencia, desde el año 1990 hasta la &#xd;
actualidad. El trabajo consta de una investigación teórica para poder comprender los &#xd;
avances y los puntos más importantes. Además, se ha llevado a cabo un proceso de &#xd;
recopilación de datos e información de docentes, a través de encuestas y entrevistas a &#xd;
docentes del medio rural, que permite obtener una serie de conclusiones acerca del avance &#xd;
que ha habido a lo largo de estos años.</subfield>
</datafield>
<datafield tag="024" ind2=" " ind1="8">
<subfield code="a">https://uvadoc.uva.es/handle/10324/77313</subfield>
</datafield>
<datafield tag="245" ind1="0" ind2="0">
<subfield code="a">Evolución de la educación rural en base a las necesidades educativas en Palencia (1990-2025)</subfield>
</datafield>
</record></metadata></record></GetRecord></OAI-PMH>